Регионална библиотека "Любен Каравелов" - Русе

Inspiracion [CD аудио] (Запис номер 216471)

MARC детайли
000 -Лидер
Контролно поле с фиксирана дължина 01764njm a2200529 c 4500
003 - Код на организацията, давaща контролен номер
Контролно поле BLK
005 - Дата и час на последна редакция
Контролно поле 20250314091253.0
008 - Елементи от данни с фиксирана дължина
fixed length control field 180410b bul||n||s|||||||| n|bulo|
010 ## - Наследен системен номер
LC control number CDD00000469000
040 ## - Източник на каталожния запис
Идентификатор на билиотеката - собственик на записа BLK
041 ## - Код за език
Код за езика на текст/звукозапис или на отделно заглавие Испански
Код за езика КДБФ Испански
080 ## - УДК
Текстов определител УДК За китара
УДК код - определител по УДК 787.61
УДК определител
УДК - код + определител 787.61
139 ## - Редно поле
Редна дума Kreusch, Johannes Tonio
Авторски знак Kre - K 82
245 10 - Сведения за заглавието
Заглавие Inspiracion [CD аудио]
Подзаглавни данни Guitar Music from Paraguay, Spain and Cuba
Редно поле (дума) китара Johannes Tonio Kreusch.
257 ## - Страна на издаване
Страна на създаване/издаване Германия
260 ## - Област на издателските данни
-- S. l.
Име на издателя, разпространителя и проч. Arte Nova
Година на издаване 2001
300 ## - Физическа характеристика
Размери/Мащаб 12 cm.
Тип мерна единица бр. в к-т
Количество на мерната единица 1 CD
306 ## - Продължителност на изпълнението
Времетраене 77мин. 56сек.
380 ## - Жанр
Жанр Изкуство
505 ## - Форматирана забележка
Подзаглавни данни Preludio
Авторската отговорност Johannes Tonio Kreusch.
Заглавие Inspiracion
505 ## - Форматирана забележка
Подзаглавни данни La ultima cnacion
Заглавие Una limosna por el amor de dios
505 ## - Форматирана забележка
Заглавие Vals N. 3
505 ## - Форматирана забележка
Подзаглавни данни Estudio
Заглавие Las abejas
505 ## - Форматирана забележка
Заглавие La catedral
505 ## - Форматирана забележка
Подзаглавни данни Serenade
Заглавие Capricho arabe
505 ## - Форматирана забележка
Подзаглавни данни Gavota
Заглавие Maria
505 ## - Форматирана забележка
Подзаглавни данни Leyenda from Op. 47/232
Заглавие Asturias
505 ## - Форматирана забележка
Подзаглавни данни Homenaje a Manuel de Falla
Авторската отговорност Joaquin Rodrigo.
Заглавие Inovacion y danza
505 ## - Форматирана забележка
Подзаглавни данни Para el Quitate de la acera
Заглавие Danza caracteristica
505 ## - Форматирана забележка
Заглавие Lento
505 ## - Форматирана забележка
Заглавие Obstinato
505 ## - Форматирана забележка
Заглавие Paisaje cubano con compagnas
505 ## - Форматирана забележка
Подзаглавни данни Sobre un tema foklorico
Авторската отговорност Leo Brouwer.
Заглавие Danza del altiplano
505 ## - Форматирана забележка
Подзаглавни данни Conclusio
Заглавие Inspiracion
650 #7 - Допълнително описание по предмет – тема
Основно описание – тема или топоним Китара - пиеси, етюди
Източник на редна или ключова дума
9 (RLIN) 158660
653 ## - Ключова дума – ненормативна
Ключова дума китара
653 ## - Ключова дума – ненормативна
Ключова дума Испания
653 ## - Ключова дума – ненормативна
Ключова дума Куба
653 ## - Ключова дума – ненормативна
Ключова дума Парагвай
700 1# - Други автори (авторска отговорност)
Лично име Kreusch, Johannes Tonio
Автороска отговорност (Описва отношението между автора и произведението) китара
9 (RLIN) 15963
852 ## - Местоположение
Форматна сигнатура Цб CD 1941
Част 15
856 4# - Електронен адрес и достъп
Електронен формат pdf - файл
Път до файла /url/
856 4# - Електронен адрес и достъп
Електронен формат pdf - файл
Път до файла /url/
942 ## - АРТИКУЛИ
Вид на библиотечния материал Компактдискове
Скрит в OPAC Не
944 ## - СЪЗДАВАНЕ И РЕДАКЦИЯ на ЗАПИСА
Създаване/Редакция Създаване
Дата на регистрацията/редакция 22.10.2008
Служител, извършил регистрацията/редакцията 30560
Статус, дата на статуса Геновева Генчева
944 ## - СЪЗДАВАНЕ И РЕДАКЦИЯ на ЗАПИСА
Създаване/Редакция Редакция
Дата на регистрацията/редакция 22.10.2008
Служител, извършил регистрацията/редакцията
999 ## - СИСТЕМНИ КОНТРОЛНИ НОМЕРА
Koha biblionumber 216471
Koha biblioitemnumber 216471
Наличности
Код за отписване Код за изгубен артикул Източник на класификационната схема Код за повреда Коз за рестрикции Код за отдаване Артикулен № Име на библиотеката - собственик Име на библиотеката, в която се намира в момента Статус (Текущо местоположение) Дата на вписване в системата Местоположение - отдел Цена в лева Инвентарен номер Систематично азбучна сигнатура Баркод Номер на екземпляра Цена в евро Служебна бележка Служебен тип на артикула
  Не е изгубен Universal Decimal Classification Не е повреден без рестрикции заемане за дома 387840 Регионална библиотека "Любен Каравелов" Русе Регионална библиотека "Любен Каравелов" Русе Отдел Изкуство - подръчен фонд 2001-01-01 Отдел Изкуство - подръчен фонд 5.00 120000907292 780.61/K 82 120000907292 1 2.56 Дост: DA Вид: А Дата: 01.01.2001 Компактдискове
Vip Innovations Ltd, Rousse, Bulgaria 2025